000 01086nam a2200241 a 4500
003 BD-DhJNU
005 20260224055150.0
008 251108s2018 bg |||g |||| 000 1|ben|d
020 _a8124706891
040 _aBD-DhJNU
_bben
_cBD-DhJNU
_dBD-DhJNU
041 _aben
082 _a891.209 BAS
_223
100 _aবন্দ্যোপাধ্যায়, ধীরেন্দ্রনাথ
245 1 0 _aসংস্কৃত সাহিত্যের ইতিহাস /
_cধীরেন্দ্রনাথ বন্দ্যোপাধ্যায়
246 _aSanskrit sahityer itihas
250 _a1st ed.
260 _aঢাকা :
_bপশ্চিমবঙ্গ রাজ্য পুস্তক পর্ষৎ,
_c2018.
300 _a৬১৫ পৃ. :
_bচিত্র ;
_c২২ সেমি.।
504 _aগ্রন্থপঞ্জিগত নির্দেশিকা ও নিঘন্ট অন্তভূক্ত
650 _aসংস্কৃত সাহিত্য
650 _aSanskrit literature
942 _cBK
999 _c2646
_d2646